|
|
|
|
| LEADER |
00000nam a2200000 a 4500 |
| 001 |
vtls001384903 |
| 003 |
SK-MaSNL |
| 005 |
20260224111902.0 |
| 008 |
210928s1972 xx 0 und |
| 035 |
|
|
|a SNK000339020
|
| 040 |
|
|
|a SNK
|b slo
|c SNK
|e AACR2
|
| 245 |
1 |
|
|a Zborník pedagogickej fakulty UK v Trnave. Zväzok psychológia 4
|
| 260 |
|
|
|a Bratislava
|b Slovenské pedagogické nakladateľstvo
|c 1972
|
| 958 |
|
|
|a OND
|
| 999 |
|
|
|c 981205
|d 983135
|
| 952 |
|
|
|t P60, <06>, [BOOK], {606}
|a SNK
|b SNK
|y PREZ
|7 0
|p 17A0231358
|o snkČSC 1051/4/1972
|0 0
|1 0
|4 0
|d 2000-03-13
|l 0
|r 2005-01-02 00:00:00
|w 2026-02-24
|
| 952 |
|
|
|a SNK
|b SNK
|y PREZ
|7 0
|p 17A7633164
|o snkČSC 1051/1969/4 D1
|i snkKSP 1345/70
|0 0
|1 0
|4 0
|d 2012-04-18
|l 0
|r 2026-02-24 11:19:02
|w 2026-02-24
|
| 952 |
|
|
|a SNK
|b SNK
|y PREZ
|7 0
|p 17A7633163
|o snkČSC 1051/1969/5 D1
|i snkKSP 5198/70
|0 0
|1 0
|4 0
|d 2012-04-18
|l 0
|r 2026-02-24 11:19:02
|w 2026-02-24
|